书目信息 |
| 题名: |
趣味词义辨析
|
|
| 作者: | 郭先珍 编 | |
| 分册: | ||
| 出版信息: | 北京 北京出版社 1982 |
|
| 页数: | 143页 | |
| 开本: | 19cm | |
| 丛书名: | ||
| 单 册: | ||
| 中图分类: | H136.1 , H13 | |
| 科图分类: | ||
| 主题词: | 汉语--词语--分析 , 汉语 , 词语 | |
| 电子资源: | ||
| ISBN: | ||
| 000 | 00621nam0 2200253 450 | |
| 001 | 1551660530 | |
| 005 | 20150119142125.21 | |
| 010 | @dCNY0.42 | |
| 091 | @a7071.797 | |
| 100 | @a19950608d1982 em y0chiy0110 ea | |
| 101 | 0 | @achi |
| 102 | @aCN@b110000 | |
| 105 | @ay z 000yy | |
| 200 | 1 | @a趣味词义辨析@9qu wei ci yi bian xi@f郭先珍等编 |
| 210 | @a北京@c北京出版社@d1982 | |
| 215 | @a143页@d19cm | |
| 606 | 0 | @a汉语@x词语@x分析 |
| 606 | 0 | @a汉语 |
| 606 | 0 | @a词语 |
| 690 | @aH136.1@v5 | |
| 690 | @aH13@v4 | |
| 701 | 0 | @a郭先珍@9guo xian zhen@4编 |
| 801 | 0 | @aCN@bTSSF@c20150115 |
| 905 | @aZUCC@dH13@eJY49 | |
| 趣味词义辨析/郭先珍等编.-北京:北京出版社,1982 |
| 143页;19cm |
| ISBN :CNY0.42 |
| ● |
| 相关链接 |
|
|
|
|
正题名:趣味词义辨析
索取号:H13/JY49
 
预约/预借
| 序号 | 登录号 | 条形码 | 馆藏地/架位号 | 状态 | 备注 |
| 1 | 7835271 | 278352710 | 学院路分馆/ [索取号:H13/JY49] | 在馆 | |
| 2 | 7835272 | 278352729 | 学院路分馆/ [索取号:H13/JY49] | 在馆 | |
| 3 | 7835273 | 278352738 | 学院路分馆/ [索取号:H13/JY49] | 在馆 | |
| 4 | 7835274 | 278352747 | 学院路分馆/ [索取号:H13/JY49] | 在馆 |